La organización en la era de la información: aprendizaje, innovación y cambio

Saved in:
Bibliografiske detaljer
Main Authors: Andreu, Rafael (Author), Ricart, Joan Enric (Author), Valor, Josep (Author)
Format: Bog
Sprog:spansk
Udgivet: Madrid McGraw-Hill 1996
Serier:Serie McGraw Hill de Management
Fag:
Tags: Tilføj Tag
Ingen Tags, Vær først til at tagge denne postø!

MARC

LEADER 00000nam a2200000 a 4500
001 UCS7932
003 CL-VaPUC
008 971024e19960000SP |||||||||||||||||spa|d
082 0 4 |a 658.45  |b AND  |2 21 
100 |a Andreu, Rafael  |e author  |9 392904 
700 0 |a Ricart, Joan Enric  |e author  |9 392905 
700 0 |a Valor, Josep  |e author  |9 392906 
245 1 3 |a La organización en la era de la información: aprendizaje, innovación y cambio 
300 |a 378 p 
942 |c BK 
945 |d 19971024 00:00:00  |a rleighto 
260 |a Madrid  |b McGraw-Hill  |c 1996 
650 0 |a Administración de empresas   |9 260833 
650 7 |a INNOVACIONES TECNOLOGICAS  |2 CL-VaPUC  |9 392907 
650 0 |a Calidad total  |9 259929 
650 7 |a COOPERACION ESTRATEGICA  |2 CL-VaPUC  |9 392908 
583 |a last modification  |c 20160914 11:27:29  |k Rodrigo Vera 
490 0 |a Serie McGraw Hill de Management 
999 |c 262672  |d 262670 
952 |0 0  |1 0  |4 0  |6 658_450000000000000_AND_1996  |7 0  |8 A  |9 291417  |a BIBEDU  |b BIBEDU  |d 2019-11-19  |i 3353850  |o 658.45 AND 1996  |p 3353850  |r 2019-11-19  |w 2019-11-19  |y BK  |k PSI